[Event "Sekkat mem"]
[Site "Casablanca MAR"]
[Date "2005.12.21"]
[Round "5"]
[White "Slimani,A"]
[Black "Idrissi,C"]
[Result "0-1"]
[WhiteElo "1956"]
[BlackElo "2215"]

1.e4 c5 2.Nf3 d6 3.Bb5+ Bd7 4.Bxd7+ Qxd7 5.O-O Nf6 6.Re1 Nc6 7.c3 e6 8.d4 cxd4
9.cxd4 d5 10.e5 Ne4 11.Nc3 Nxc3 12.bxc3 Be7 13.Bg5 O-O 14.Qd3 Rfc8 15.Bxe7 Qxe7
16.Re3 Rc7 17.Nd2 Rac8 18.Rh3 h6 19.Rc1 Qa3 20.Re1 Ne7 21.Nb1 Qxa2 22.g4 Ng6
23.Qe3 Qc2 24.Qg3 b5 25.g5 hxg5 26.Qxg5 Qf5 27.Qxf5 exf5 28.Rh5 b4 29.Rxf5 bxc3
30.Rc1 c2 31.Nd2 Rc3 32.Rf3 Rxf3  0-1

[Event "1st ch-BIH"]
[Site "Brcko BIH"]
[Date "2005.12.22"]
[Round "9"]
[White "Nurkic,S"]
[Black "Jakovljevic,Vlado"]
[Result "1/2-1/2"]
[WhiteElo "2426"]
[BlackElo "2385"]

1.e4 c5 2.Nf3 d6 3.Bb5+ Bd7 4.Bxd7+ Qxd7 5.O-O Nc6 6.Re1 Nf6 7.b3 e6 8.Bb2 Be7
9.c4 e5 10.Nc3 O-O 11.d3 Ne8 12.Rf1 Nc7 13.Nd5 f5 14.Nxc7 Qxc7 15.exf5 Rxf5
16.Nd2 Raf8 17.Ne4 Qd8 18.Qg4 Kh8 19.Rae1 Qe8 20.Re3 Rf4 21.Qe2 Qg6 22.Rg3 Qf7
23.Rh3 a6 24.Qd1 d5 25.cxd5 Qxd5 26.Qh5 h6 27.Bc1 R4f5 28.Qg4 Kh7 29.Be3 b6
30.Ng3 R5f6 31.Qe4+ Qxe4 32.Nxe4 R6f7 33.g4 Kg8 34.Kh1 Rd8 35.g5 hxg5 36.Bxg5 Nb4
37.Be3 Rxd3 38.Rg1 Nxa2 39.Rh5 Nc3 40.Ng3 Nd5 41.Nf5 Nxe3 42.fxe3 Rxf5 43.Rxf5 Rxe3
44.Rg3 Re2 45.Rg6 b5 46.Rxa6 c4 47.bxc4 bxc4 48.Rc6 Re4 49.Rf2 Bf6 50.Rc2 Kh7
51.R6xc4 Re3 52.Rg4 Kh6 53.Kg2 Ra3 54.Rc8 Kh7 55.Re8 Rb3 56.Rc8 Ra3 57.Rg3 Ra2+
58.Kh3 Ra4 59.Re8 Rh4+ 60.Kg2 Ra4 61.Kf3 Rf4+ 62.Ke3 Rh4 63.Rg2 Ra4 64.Rc8 Rb4
65.Rc6 Ra4 66.Rd6 Rb4 67.Re6 Rh4 68.Kd3 Rd4+ 69.Ke3 Rh4 70.Re8 Rb4 71.Rg3 Rh4
72.h3 Ra4 73.Ke2 Ra2+ 74.Kf3 Ra4 75.Rg2 Rf4+ 76.Ke3 Rh4 77.Rg3 Ra4 78.Ke2 Ra2+
79.Kf1 Ra1+ 80.Kg2 Ra2+ 81.Kf3 Ra4 82.Rg4 Ra3+ 83.Kg2 Ra2+ 84.Kf1 Ra1+ 85.Ke2 Ra3
86.h4 Rh3 87.Kf1 Rxh4 88.Rxh4+ Bxh4 89.Rxe5 Kg6 90.Kg2 Bf6 91.Rb5 Kf7 92.Kf3 Ke6
93.Ke4 Kd6 94.Rb7 Ke6 95.Rb6+ Kf7 96.Kf5 Ke7  1/2-1/2

[Event "Harmonie Open A"]
[Site "Groningen NED"]
[Date "2005.12.24"]
[Round "2"]
[White "Wielenga,W"]
[Black "Schiffer,KU"]
[Result "0-1"]
[WhiteElo "2161"]
[BlackElo "2316"]

1.e4 c5 2.Nf3 d6 3.Bb5+ Nd7 4.d4 cxd4 5.Qxd4 e5 6.Qd3 h6 7.Nc3 Nf6 8.Be3 Be7
9.O-O O-O 10.Bc4 a6 11.a4 b6 12.b4 Bb7 13.Rad1 Rc8 14.Nd5 Nxd5 15.Bxd5 Bxd5
16.Qxd5 Rxc2 17.Rc1 Qc7 18.Rxc2 Qxc2 19.a5 bxa5 20.Rc1 Qa4 21.bxa5 Nf6 22.Qb7 Bd8
23.Bb6 Nxe4 24.Qxa6 Bxb6 25.Qxb6 Ra8 26.Qb7 Rf8 27.h3 Nc5 28.Qb6 e4 29.Ne1 Qd4
30.Kh1 g6 31.a6 Qxf2 32.Qxd6 Qf1+ 33.Kh2 Nxa6 34.Ra1 Nb8 35.Rb1 Qa6 36.Qe5 Qa8
37.Nc2 Nd7 38.Qd4 Qa2 39.Rb2 Qe6 40.Rb7 Qc6 41.Rxd7 Qxc2 42.Re7 h5 43.Rxe4 Qc7+
44.Kh1 Rd8 45.Qe5 Qxe5 46.Rxe5 Kg7 47.Re7 h4 48.Kg1 Rd2 49.Kf1 g5 50.Re5 f6
51.Re7+ Kg6 52.Ra7 Kf5 53.Ra5+ Kf4 54.Ra4+ Kg3  0-1

[Event "14th Donau Open"]
[Site "Aschach AUT"]
[Date "2005.12.26"]
[Round "1"]
[White "Pirker,G"]
[Black "Videki,S"]
[Result "0-1"]
[WhiteElo "2097"]
[BlackElo "2406"]

1.e4 c5 2.Nf3 d6 3.Bb5+ Nd7 4.O-O Nf6 5.Nc3 a6 6.Bxd7+ Nxd7 7.d4 e6 8.Ne2 Qc7
9.c3 Be7 10.Bg5 Bxg5 11.Nxg5 Nf6 12.Qd3 h6 13.Nf3 b6 14.e5 dxe5 15.Nxe5 Bb7
16.f4 O-O 17.Rae1 Rad8 18.g4 Nd7 19.Qg3 f6 20.Ng6 Rfe8 21.h4 Be4 22.h5 Nf8
23.Nxf8 Rxf8 24.Qe3 Bd5 25.b3 Rfe8 26.g5 e5 27.dxc5 exf4 28.cxb6 Qd7 29.Qxf4 Re4
30.Qf2 Qh3 31.Rd1 Rg4+  0-1

[Event "Open A"]
[Site "Bethune FRA"]
[Date "2005.12.26"]
[Round "1"]
[White "Platel,A"]
[Black "Gharamian,T"]
[Result "0-1"]
[WhiteElo "2170"]
[BlackElo "2416"]

1.e4 c5 2.Nf3 d6 3.Bb5+ Nc6 4.O-O Bd7 5.Re1 a6 6.Bf1 Nf6 7.h3 e6 8.c3 Be7
9.d4 cxd4 10.cxd4 d5 11.e5 Ne4 12.Bd3 Ng5 13.Nbd2 Qb6 14.Nxg5 Bxg5 15.Nb3 Be7
16.Qg4 g6 17.Bg5 Bxg5 18.Qxg5 Nb4 19.Qd2 Rc8 20.a3 Nc6 21.Bc2 a5 22.Rec1 Rc7
23.Bd1 O-O 24.Nc5 Nxe5 25.Qf4 Nc4 26.b3 Nd6 27.Rc3 Rfc8 28.Rac1 Be8 29.Qf6 Rc6
30.Bf3 Qd8 31.Qe5 b6 32.Nxe6 fxe6 33.Rxc6 Rxc6 34.Re1 Bd7  0-1

[Event "21st Post Open"]
[Site "Duesseldorf GER"]
[Date "2005.12.28"]
[Round "4"]
[White "Tochtrop,M"]
[Black "Kohlweyer,B"]
[Result "1-0"]
[WhiteElo "2154"]
[BlackElo "2422"]

1.e4 c5 2.Nf3 d6 3.Bb5+ Nd7 4.d4 Nf6 5.e5 Qa5+ 6.Nc3 Ne4 7.O-O Nxc3 8.Bxd7+ Bxd7
9.bxc3 d5 10.c4 Qc3 11.Rb1 Qxc4 12.Rxb7 Qa6 13.Rxd7 Kxd7 14.e6+ Qxe6 15.Re1 Qa6
16.Ne5+ Ke8 17.Nxf7 Kxf7 18.Qh5+ g6 19.Qxd5+ e6 20.Qxa8 cxd4 21.Qf3+  1-0

[Event "Masters"]
[Site "Hastings ENG"]
[Date "2005.12.28"]
[Round "1"]
[White "Straub,P"]
[Black "Kristjansson,St"]
[Result "0-1"]
[WhiteElo "2081"]
[BlackElo "2467"]

1.e4 c5 2.Nf3 d6 3.Bb5+ Nd7 4.O-O a6 5.Bxd7+ Bxd7 6.d4 g6 7.Nc3 Bg7 8.h3 cxd4
9.Nxd4 Nf6 10.a4 O-O 11.Be3 Rc8 12.Nde2 b5 13.axb5 axb5 14.Qd3 b4 15.Na4 Rb8
16.c4 Bc6 17.f3 Nd7 18.Nd4 Bxa4 19.Rxa4 Nc5 20.Qd1 Nxa4 21.Qxa4 Qe8 22.Qb3 Bxd4
23.Bxd4 Qc6 24.Rc1 Rfc8 25.Be3 Qa6 26.c5 dxc5 27.Rxc5 Rxc5 28.Bxc5 Qa5 29.Qe3  0-1

[Event "Masters"]
[Site "Hastings ENG"]
[Date "2005.12.29"]
[Round "2"]
[White "Mansson,J"]
[Black "Grower,S"]
[Result "1-0"]
[WhiteElo "2114"]
[BlackElo "1997"]

1.e4 c5 2.Nf3 d6 3.Bb5+ Bd7 4.Bxd7+ Qxd7 5.c4 Nf6 6.Nc3 Nc6 7.O-O g6 8.d4 cxd4
9.Nxd4 Bg7 10.Nde2 O-O 11.f3 Rac8 12.Kh1 a6 13.a4 h5 14.Bg5 Kh7 15.Rb1 Na7
16.Bxf6 Bxf6 17.Nd5 Qe6 18.Nef4 Qe5 19.Nxf6+ Qxf6 20.Nd5 Qe5 21.f4 Qxe4 22.Re1 Qxc4
23.Rxe7 Rc5 24.Nf6+ Kh8 25.Rxb7 Nc8 26.Nd7 Rd5 27.Qc1 Qe4 28.Nf6 Rd1+ 29.Qxd1 Qxb7
30.Qd4 Qa7 31.Qc3 Qc5 32.Qxc5 dxc5 33.Nd7 Rd8 34.Nxc5 Rd4 35.a5 Rd6 36.b4 Na7
37.g3 Nb5 38.Re1 Kg7 39.Re8 f6 40.Ra8 Rd2 41.Rxa6 Na3 42.Ra7+ Kf8 43.Rd7 Ra2
44.a6 Nc2 45.a7  1-0

[Event "Masters"]
[Site "Hastings ENG"]
[Date "2005.12.30"]
[Round "3"]
[White "Straub,P"]
[Black "Snape,I"]
[Result "1/2-1/2"]
[WhiteElo "2081"]
[BlackElo "2258"]

1.e4 c5 2.Nf3 d6 3.Bb5+ Bd7 4.Bxd7+ Qxd7 5.c4 Nc6 6.d4 cxd4 7.Nxd4 g6 8.O-O Bg7
9.Be3 Nf6 10.f3 O-O 11.Nc3 a6 12.Rc1 Rfc8 13.b3 Nxd4 14.Bxd4 b5 15.Nd5 Nxd5
16.exd5 Qb7 17.Bxg7 Kxg7 18.Qd4+ Kg8 19.f4 bxc4 20.Rxc4 Rxc4 21.Qxc4 Rc8
22.Qe4 Rc5 23.Re1 Rxd5 24.Qxe7 Qb4 25.Qe3 Kg7 26.h3 h5 27.Rc1 Rd2 28.Qc3+ Qxc3
29.Rxc3 Rxa2 30.Rd3 Rb2 31.Rxd6 Rxb3 32.Rxa6 Rb4 33.f5 gxf5 34.Kf2 h4 35.Ra3 Rb2+
36.Kf3 Kg6 37.Rd3 Kg5 38.Ra3 Rb4 39.Rc3 Rf4+ 40.Ke2 Re4+ 41.Kf3 Re1 42.Kf2 Re5
43.Kf3 f4 44.Ra3 f5 45.Rc3 Kf6 46.Rc6+ Kg5 47.Rc3 Ra5 48.Rb3  1/2-1/2

[Event "14th Donau Open"]
[Site "Aschach AUT"]
[Date "2005.12.31"]
[Round "7"]
[White "Pirker,G"]
[Black "Sandhoefner,F"]
[Result "0-1"]
[WhiteElo "2097"]
[BlackElo "2285"]

1.e4 c5 2.Nf3 d6 3.Bb5+ Bd7 4.Qe2 Nc6 5.O-O Nf6 6.Nc3 e6 7.d3 Be7 8.Be3 O-O
9.d4 a6 10.Bxc6 Bxc6 11.Nd2 b5 12.dxc5 b4 13.cxd6 Bxd6 14.Nc4 bxc3 15.Rad1 Bb5
16.Bc5 Qc8 17.Bxd6 Bxc4 18.Qf3 Bxf1 19.e5 Nd5 20.b3 Rd8 21.Rd4 Rxd6 22.Rh4 Rd7
23.Qh5 h6  0-1

[Event "Masters"]
[Site "Hastings ENG"]
[Date "2005.12.31"]
[Round "4"]
[White "Spanton,T"]
[Black "Marusenko,P"]
[Result "1-0"]
[WhiteElo "2018"]
[BlackElo "2342"]

1.e4 c5 2.Nf3 d6 3.Bb5+ Nd7 4.d4 Nf6 5.Nc3 cxd4 6.Qxd4 h6 7.Be3 e5 8.Qd3 Be7
9.Bc4 O-O 10.Nh4 d5 11.exd5 e4 12.Nxe4 Nxe4 13.Ng6 Nd6 14.Nxf8 Ne5 15.Qh7+  1-0

[Event "8th Hilton Schachfestival"]
[Site "Basel SUI"]
[Date "2006.01.03"]
[Round "3"]
[White "Senff,M"]
[Black "Roiz,M"]
[Result "0-1"]
[WhiteElo "2471"]
[BlackElo "2599"]

1.e4 c5 2.Nf3 d6 3.Bb5+ Nc6 4.d4 cxd4 5.Qxd4 Bg4 6.Bg5 h6 7.Be3 e5 8.Qd3 Nf6
9.c4 Be7 10.Nc3 O-O 11.O-O Nd7 12.Bxc6 bxc6 13.Nd2 a5 14.Na4 Be6 15.Nb3 f5
16.f3 Qb8 17.a3 Qb7 18.Rac1 Qa6 19.Rfd1 fxe4 20.fxe4 Rab8 21.Kh1 Nf6 22.Nd2 Bf7
23.Bg1 Bg6 24.Qe3 Kh7 25.c5 d5 26.exd5 Nxd5 27.Qxe5 Bf6 28.Qg3 Bxb2 29.Nxb2 Rxb2
30.Nc4 Re2 31.Nd6 Nf4 32.Qf3 Rxg2 33.Rc4 Bh5 34.Qe4+ Ng6 35.Rd3 Rg4 36.Qe6 Rxc4
37.Nxc4 Rf4 38.Qd6 Qxc4 39.Re3 Qe4+  0-1

[Event "Xstrata ch-AUS 2006"]
[Site "Brisbane AUS"]
[Date "2006.01.03"]
[Round "6"]
[White "Wallis,C"]
[Black "Bird,A"]
[Result "0-1"]
[WhiteElo "2114"]
[BlackElo "2146"]

1.e4 c5 2.Nf3 d6 3.Bb5+ Bd7 4.Bxd7+ Qxd7 5.c4 Nf6 6.Nc3 g6 7.d4 cxd4 8.Nxd4 Bg7
9.Nde2 Qc6 10.f3 Qxc4 11.Be3 O-O 12.O-O Nc6 13.Rc1 Qa6 14.Nf4 Rac8 15.Nd3 Qa5
16.Qb3 b6 17.Rfd1 Rfe8 18.Nb5 Nd7 19.Bd2 Qa6 20.Rc4 Nc5 21.Nxc5 bxc5 22.Bc3 Bxc3
23.Nxc3 Rb8 24.Ra4 Rxb3 25.Rxa6 Rb6 26.Rxb6 axb6 27.Nd5 b5 28.Kf2 f6 29.Ke3 Kf7
30.f4 Ra8 31.a3 Na5 32.Kd3 Nc4 33.Kc3 Ra7 34.Rd3 e6 35.Rh3 h5 36.Ne3 Nxe3
37.Rxe3 Ra4 38.e5 d5 39.Rf3 Re4 40.exf6 Re2 41.b4 cxb4+ 42.Kxb4 Rb2+ 43.Kc5 Kxf6
44.g3 Kf5 45.Re3 Rxh2 46.Kxb5 Rc2 47.a4 d4 48.Re5+ Kg4 49.Rg5+ Kf3 50.Rxg6 d3
51.Rxe6 d2 52.Rd6 Rb2+ 53.Kc6 Kxg3 54.f5 h4 55.Rd3+ Kf2 56.Rd8 h3 57.f6 h2
58.Rh8 Rc2+  0-1

[Event "Xstrata ch-AUS 2006"]
[Site "Brisbane AUS"]
[Date "2006.01.03"]
[Round "6"]
[White "Xie,G"]
[Black "Solomon,SJ"]
[Result "1-0"]
[WhiteElo "2340"]
[BlackElo "2415"]

1.e4 c5 2.Nf3 d6 3.Bb5+ Bd7 4.Bxd7+ Qxd7 5.c4 Nc6 6.Nc3 Nf6 7.d4 cxd4 8.Nxd4 Qg4
9.Qxg4 Nxg4 10.Nxc6 bxc6 11.O-O g6 12.b3 Bg7 13.Bb2 f5 14.exf5 gxf5 15.h3 Ne5
16.Na4 Rg8 17.f4 Nd7 18.Bxg7 Rxg7 19.c5 d5 20.Nb2 Kf7 21.Nd3 Rag8 22.Rf2 Rg3
23.Rd2 Rxh3 24.b4 Re3 25.a4 Rgg3 26.b5 cxb5 27.c6 Nb6 28.Ne5+ Rxe5 29.fxe5 bxa4
30.Rc2 Rg8 31.Kf2 Ke6 32.Rh1 Nc4 33.Rh6+ Kxe5 34.Re2+ Kd4 35.Rxe7 a5 36.Rexh7 a3
37.Rb7 Kc3 38.Rb5 d4 39.c7 Rc8 40.Rc6 a4 41.Rbc5 a2 42.Rxc4+ Kb3 43.Rc1 Kb2
44.R6c2+ Kb3 45.Rd2 Rxc7 46.Ra1 d3 47.Rxd3+ Kb2 48.Rdd1 f4 49.Kf3 Rg7 50.Kf2 Rg3
51.Rf1 a3 52.Rae1 Rc3 53.Kg1  1-0

[Event "10th Open"]
[Site "Bad Zwesten GER"]
[Date "2006.01.05"]
[Round "5"]
[White "Kersten,U"]
[Black "Stein,Marco"]
[Result "1-0"]
[WhiteElo "2323"]
[BlackElo "2113"]

1.e4 c5 2.Nf3 d6 3.Bb5+ Bd7 4.Bxd7+ Nxd7 5.O-O Ngf6 6.Qe2 e6 7.d3 Be7 8.Ng5 O-O
9.f4 Qc7 10.Nd2 b5 11.f5 exf5 12.Rxf5 g6 13.Rf1 d5 14.exd5 Nxd5 15.Ne6 fxe6
16.Qxe6+ Kg7 17.Rxf8 Rxf8 18.Qxd5 Nf6 19.Qe6 Re8 20.Nf3 Bd8 21.Qh3 h5 22.Bd2 Re2
23.Re1 Qe7 24.Qg3 Nd5 25.Rxe2 Qxe2 26.Qe1 Qxe1+ 27.Nxe1 Bf6 28.c4 bxc4 29.dxc4 Bd4+
30.Kf1 Nf6 31.Bc1 Ng4 32.h3 Ne5 33.b3 Kf6 34.Ke2 Kf5 35.Nf3 Ke4 36.Nd2+ Kf4
37.Nf1+ Kf5 38.Ng3+ Ke6 39.Ne4 Nd7 40.Bf4 Kf5 41.Kf3 Ne5+ 42.Bxe5 Kxe5 43.h4 a6
44.Ng3 Bc3 45.Ke3 Bd4+ 46.Kf3 Bc3 47.Ne2 Bd2 48.g3 a5 49.Ng1 Be1 50.Nh3 Bd2
51.Nf2 Kd4 52.Ne4 Bc1 53.Nf6 Ke5 54.Nd7+ Kd6 55.Nf8 g5 56.hxg5 Bxg5 57.Ng6 Ke6
58.Ke4  1-0

[Event "10th Open"]
[Site "Bad Zwesten GER"]
[Date "2006.01.05"]
[Round "6"]
[White "Mainka,R"]
[Black "Shneider,A"]
[Result "1/2-1/2"]
[WhiteElo "2457"]
[BlackElo "2529"]

1.e4 c5 2.Nf3 d6 3.Bb5+ Bd7 4.Bxd7+ Qxd7 5.c4 Nc6 6.Nc3 Nf6 7.d4 cxd4 8.Nxd4 g6
9.f3 Bg7 10.Be3 O-O 11.O-O a6 12.Rc1 Rab8 13.Nxc6 Qxc6 14.b3 e6 15.Qd2 Rfd8
16.Rfd1 Qc7 17.Kh1 Qa5 18.Ba7  1/2-1/2

[Event "Masters"]
[Site "Hastings ENG"]
[Date "2006.01.05"]
[Round "9"]
[White "Husted,P"]
[Black "Burrows,M"]
[Result "0-1"]
[WhiteElo "2127"]
[BlackElo "2200"]

1.e4 c5 2.Nf3 d6 3.Bb5+ Nd7 4.c3 Nf6 5.Qe2 a6 6.Ba4 e5 7.O-O Be7 8.d4 b5
9.Bc2 Bb7 10.dxe5 dxe5 11.Rd1 Qc7 12.Nbd2 Qc6 13.Re1 O-O 14.Nf1 Rfe8 15.Ng3 g6
16.a4 Bf8 17.Rd1 c4 18.Bg5 h6 19.Bxf6 Nxf6 20.axb5 axb5 21.Rxa8 Bxa8 22.h3 Bb7
23.Ra1 Nd7 24.Nh2 Nc5 25.Nf3 Bg7 26.Ne1 Rd8 27.f3 Ne6 28.Rd1 Rxd1 29.Qxd1 Bf8
30.Kh2 Bc5 31.b4 Ba7 32.f4 exf4 33.Ne2 Bb8 34.Nf3 Qd6 35.Qe1 Kg7 36.Ned4 Qd7
37.Kh1 Ng5 38.Nxg5 hxg5 39.Bd1 Qe8 40.Bf3 f5 41.e5 Bxf3 42.gxf3 Bxe5 43.Kg2 Kf7
44.Nc2 Bf6 45.Qd2 Qe6 46.Kf2 Ke7 47.Kf1 Qd6 48.Ke2 Qe5+ 49.Kd1 Qxc3 50.Qd5 Qd3+
51.Qxd3 cxd3 52.Ne1 Ke6 53.Kd2 Kd5 54.Kxd3 Be7 55.Nc2 g4 56.hxg4 fxg4 57.fxg4 f3
58.Na3 Bxb4 59.Nxb5 Bc5 60.Kd2 Ke5  0-1

[Event "Masters"]
[Site "Hastings ENG"]
[Date "2006.01.06"]
[Round "10"]
[White "Greet,A"]
[Black "Eames,R"]
[Result "1-0"]
[WhiteElo "2428"]
[BlackElo "2320"]

1.e4 c5 2.Nf3 d6 3.Bb5+ Bd7 4.Bxd7+ Qxd7 5.c4 Nc6 6.d4 cxd4 7.Nxd4 g6 8.Nc3 Bg7
9.Nde2 Nf6 10.f3 O-O 11.O-O a6 12.a4 Rac8 13.b3 Qd8 14.Kh1 Qa5 15.Bd2 Nd7
16.Rb1 Qh5 17.Nf4 Qe5 18.Ncd5 e6 19.Bc3 Qg5 20.Nh3 Qh6 21.Bxg7 Qxg7 22.Ne7+ Nxe7
23.Qxd6 Nc5 24.Qxe7 Rfe8 25.Qg5 Red8 26.Nf2 Qc3 27.Ng4 Qd2 28.f4 Nxe4 29.Qe5 h5
30.Nh6+ Kh7 31.Nxf7 Rf8 32.Qxe4 Rxf7 33.Rbd1 Qb2 34.Qxe6 Rcf8 35.Rd7 Qg7
36.Rxf7 Rxf7 37.h3 Re7 38.Qd5 Rd7 39.Qf3 Rf7 40.Rd1 Qf6 41.Rd5 h4 42.Qg4 Qa1+
43.Kh2 Qe1 44.Re5 Qf2 45.Re6 Rg7 46.Re2  1-0

[Event "Xstrata ch-AUS 2006"]
[Site "Brisbane AUS"]
[Date "2006.01.07"]
[Round "9"]
[White "Solomon,SJ"]
[Black "Smerdon,D"]
[Result "1/2-1/2"]
[WhiteElo "2415"]
[BlackElo "2421"]

1.e4 c5 2.Nf3 d6 3.Bb5+ Bd7 4.Bxd7+ Qxd7 5.O-O Nc6 6.c3 d5 7.exd5 Qxd5 8.d4 e6
9.Bf4 Nf6 10.Qe2 cxd4 11.cxd4 Nxd4 12.Nxd4 Qxd4 13.Rd1 Qe4 14.Be3 Be7 15.Nc3 Qe5
16.Qf3 Qb8 17.Bf4 e5 18.Bg5 O-O 19.Ne4 Nxe4 20.Bxe7 Re8 21.Rd7 Qc8 22.Rad1 Qc6
23.h4 Nf6 24.Bxf6 Qxf3 25.gxf3 gxf6 26.Rxb7 Reb8 27.Rdd7 Rxb7 28.Rxb7 a5
29.f4 Kg7 30.Rb5 e4 31.a4 Rc8 32.Rxa5 Rc1+ 33.Kg2 Rc2 34.Rb5 e3 35.Kf1 Rxf2+
36.Ke1 Rxf4 37.a5 f5 38.Ke2 Re4 39.Rxf5 Rb4 40.Kxe3 Rxb2 41.Kd3 Kg6 42.Kc3 Rh2
43.Rf4 f5 44.Ra4 Rh3+ 45.Kd2 Rb3 46.a6 Rb8 47.a7 Ra8 48.Ke3 Kh5 49.Kf3 f4
50.Kxf4 Kxh4 51.Ra1 Kh5 52.Kf5 Rf8+ 53.Ke6 Ra8 54.Kf6 Kg4 55.Ra4+ Kf3 56.Kf5 Ke3
57.Ra1 h5 58.Ra4 Kd3 59.Ke5 h4 60.Ra3+ Kc4 61.Kd6 h3 62.Rxh3  1/2-1/2

[Event "Xstrata ch-AUS 2006"]
[Site "Brisbane AUS"]
[Date "2006.01.07"]
[Round "9"]
[White "Xie,G"]
[Black "Goldenberg,I"]
[Result "1/2-1/2"]
[WhiteElo "2340"]
[BlackElo "2335"]

1.e4 c5 2.Nf3 d6 3.Bb5+ Bd7 4.Bxd7+ Qxd7 5.c4 Nf6 6.Nc3 Nc6 7.d4 cxd4 8.Nxd4 g6
9.f3 Bg7 10.Be3 O-O 11.O-O Rfe8 12.Qd2 a6 13.Kh1 Rab8 14.Nxc6 Qxc6 15.Rfc1 Qd7
16.a4 Rec8 17.b3 Qd8 18.Ba7 Ra8 19.Bd4 Qa5 20.Qb2 Qg5 21.Rf1 Re8 22.Qf2 Rac8
23.Rae1 Rcd8 24.f4 Qh5 25.Bxf6 Bxf6 26.Nd5 Bg7 27.e5 e6 28.Nf6+ Bxf6 29.exf6 Qc5
30.Qh4 d5 31.Re5 Qf8 32.cxd5 Rxd5 33.Qg5 Red8 34.h4 Rd1 35.Rxd1 Rxd1+ 36.Kh2 h6
37.Qg4 Qd8 38.Rxe6 Qd4 39.Re8+ Kh7 40.Qf3 Rd3 41.Qe4 Qxe4 42.Rxe4 Rd6 43.Re7 Rxf6
44.Rxb7 Rxf4 45.a5 Kg7 46.Kg3 Rd4 47.Rb6 Rd5 48.b4 Rd4 49.Kh3 h5 50.g3 f6
51.Rb7+ Kh6 52.Rf7 Rxb4 53.Rxf6 Ra4 54.Rxa6 Ra2 55.Ra7 Rb2 56.Ra8 Ra2 57.Ra6 Kg7
58.Ra7+ Kf6 59.a6 Ke6 60.Ra8 Kf7 61.a7 Kg7 62.g4 Ra3+ 63.Kg2 hxg4 64.Kf2 Kh7
65.Kg2 Kg7 66.Kf2  1/2-1/2

[Event "19th Fulprint Congress"]
[Site "York ENG"]
[Date "2006.01.07"]
[Round "3"]
[White "Shaw,Robe"]
[Black "Palliser,R"]
[Result "0-1"]
[WhiteElo "2295"]
[BlackElo "2389"]

1.e4 c5 2.Nf3 d6 3.Bb5+ Bd7 4.Bxd7+ Qxd7 5.c4 Nf6 6.Nc3 g6 7.d4 cxd4 8.Nxd4 Bg7
9.f3 O-O 10.Be3 Nc6 11.O-O a6 12.Qd2 Rfc8 13.b3 Nxd4 14.Bxd4 b5 15.cxb5 axb5
16.Rac1 Qb7 17.a4 bxa4 18.bxa4 Rc4 19.Rb1 Qc6 20.Bxf6 Bxf6 21.Nd5 Qc5+ 22.Kh1 Rcxa4
23.Nxf6+ exf6 24.Rfd1 R4a6 25.Qd3 Kg7 26.Rb5 Ra3 27.Qf1 Qc7 28.Rbd5 R8a6
29.h3 Ra2 30.Kh2 Rc6 31.Ra1 Qa7 32.Rxa2 Qxa2 33.Qe1 Qa7 34.h4 h5 35.Rd1 Qe7
36.Qg3 Qe5 37.Rd5 Qa1 38.Qf2 Rc1 39.Qd2 Rh1+ 40.Kg3 Qg1 41.Rxd6 Qh2+ 42.Kf2 Rg1
43.Ke3 Rxg2 44.Qd1 Qxh4 45.Rd7 Qf2+ 46.Kf4 Rg4+  0-1

[Event "TCh-BEL 2005-6"]
[Site "Belgium BEL"]
[Date "2006.01.08"]
[Round "6"]
[White "Bezemer,A"]
[Black "Van der Stricht,G"]
[Result "0-1"]
[WhiteElo "2351"]
[BlackElo "2401"]

1.e4 c5 2.Nf3 d6 3.Bb5+ Bd7 4.Bxd7+ Qxd7 5.O-O Nc6 6.c3 Nf6 7.d4 Nxe4 8.d5 Ne5
9.Re1 Nxf3+ 10.Qxf3 Nf6 11.c4 e5 12.dxe6 fxe6 13.Bg5 Be7 14.Nc3 h6 15.Bh4 O-O-O
16.Qe2 e5 17.Bxf6 gxf6 18.Nd5 Rdg8 19.h3 Rh7 20.Kh2 f5 21.a3 Rhg7 22.Rg1 Qe6
23.b4 e4 24.f3 Bf6 25.Nxf6 Qxf6 26.fxe4 Qe5+ 27.Kh1 Rxg2 28.Qxg2 Rxg2 29.Kxg2 Qxe4+
30.Kh2 Qf4+ 31.Kh1 Qxc4 32.bxc5 dxc5 33.Rac1 Qd5+ 34.Kh2 b5 35.Rcd1 Qe5+
36.Kh1 Qe4+ 37.Kh2 c4 38.Rg8+ Kc7 39.Rg7+ Kc6 40.Rdd7 Qf4+  0-1

[Event "Petrovskaya Ladya IM"]
[Site "Peterhof RUS"]
[Date "2006.01.11"]
[Round "11"]
[White "Itkis,B"]
[Black "Zeliakov,N"]
[Result "1/2-1/2"]
[WhiteElo "2474"]
[BlackElo "2173"]

1.e4 c5 2.Nf3 d6 3.Bb5+ Bd7 4.Bxd7+ Qxd7 5.O-O Nc6 6.Qe2 Nf6 7.Rd1 Rc8 8.b3 g6
9.Bb2 Bg7 10.d4 cxd4 11.Nxd4 O-O 12.c4 Nxd4 13.Bxd4 Qc6 14.Nc3 Nd7 15.Nd5 Rfe8
16.Bxg7 Kxg7 17.Rac1 a5 18.h4 e6 19.Nc3 Nf6 20.Rd4 e5 21.Rd3 Re6 22.Rcd1 Qc5
23.Nb5 Rd8 24.Nc3 Ra8 25.Nd5 Nxd5 26.Rxd5 Qc7 27.h5 h6 28.R1d2 Ra6 29.hxg6 Rxg6
30.a4 Qc8 31.Qe3 Qg4 32.g3 h5 33.R2d3 h4 34.Qf3 hxg3 35.fxg3 Qh3 36.Qg2 Qh6
37.Rf3 Rg4 38.Rxf7+ Kxf7 39.Qf3+ Rf4 40.gxf4 Qxf4 41.Qxf4+ exf4 42.Rb5 Ke6
43.Kf2 b6 44.Kf3 Kd7 45.Kxf4 Kc6 46.Ke3 Ra8 47.Kd4 Rh8 48.e5 dxe5+ 49.Kxe5 Rh3
50.Kd4 Rh4+ 51.Kc3 Rh3+ 52.Kb2 Rh2+ 53.Ka3 Rh3  1/2-1/2

[Event "TCh-AUT 2005-6"]
[Site "Austria AUT"]
[Date "2006.01.12"]
[Round "4"]
[White "Baklan,V"]
[Black "Baramidze,D"]
[Result "1/2-1/2"]
[WhiteElo "2601"]
[BlackElo "2554"]

1.e4 c5 2.Nf3 d6 3.Bb5+ Bd7 4.Bxd7+ Qxd7 5.O-O Nc6 6.Qe2 g6 7.c3 Bg7 8.Rd1 e5
9.Na3 Nge7 10.Nc2 d5 11.d4 exd4 12.exd5 Qxd5 13.cxd4 O-O 14.Ne3 Qd6 15.Nc4 Qd5
16.dxc5 Qxc5 17.Be3 Qh5 18.h3 b5 19.Nd6 Ne5 20.Rac1 Nxf3+ 21.Qxf3 Qxf3 22.gxf3 a6
23.Rc7 Nf5 24.Nxf5 gxf5 25.b3 Rfc8 26.Rxc8+ Rxc8 27.Rd6 Ra8 28.Rd5 Rc8 29.Rxf5 Rc2
30.a4 bxa4 31.bxa4 Rc6 32.Rd5 Bc3 33.f4 a5 34.f5 Rc4 35.Bh6 f6 36.Rd8+ Kf7
37.Rd7+ Ke8 38.Rxh7 Rxa4 39.Be3 Kf8 40.Kg2 Kg8 41.Ra7 Rc4 42.Kg3 a4 43.h4 Re4
44.h5 Be5+ 45.Kf3 Rh4 46.h6 Kh8 47.Ke2 Bb2 48.Kd3 a3 49.f3 Kg8 50.Bc5 Rf4
51.Ra8+ Kh7 52.Ra7+ Kg8 53.Ra8+  1/2-1/2

[Event "TCh-AUT 2005-6"]
[Site "Austria AUT"]
[Date "2006.01.13"]
[Round "5"]
[White "Baklan,V"]
[Black "Polzin,R"]
[Result "1-0"]
[WhiteElo "2601"]
[BlackElo "2494"]

1.e4 c5 2.Nf3 d6 3.Bb5+ Bd7 4.Bxd7+ Qxd7 5.O-O Nf6 6.Qe2 Nc6 7.Rd1 e6 8.d4 cxd4
9.Nxd4 Be7 10.c4 Nxd4 11.Rxd4 Qc6 12.Nc3 O-O 13.Bg5 Qc5 14.Be3 Rac8 15.Rc1 a6
16.b3 Rfd8 17.Rdd1 Qa5 18.Bd2 Qe5 19.f4 Qc5+ 20.Kh1 Qc6 21.Re1 Nd7 22.Nd5 Bf8
23.Nb4 Qb6 24.Nd3 Nc5 25.f5 Re8 26.f6 g6 27.Qf2 Nd7 28.Be3 Qd8 29.Rf1 b5
30.Qh4 bxc4 31.bxc4 Bg7 32.Bg5 h6 33.Qh3 Nxf6 34.Bxh6 Nh5 35.Bxg7 Kxg7 36.e5 dxe5
37.Nxe5 Rc7 38.Qc3 f6 39.g4 Rc5 40.Rcd1 Qa8+ 41.Nf3 Qc6 42.gxh5 Rxh5 43.Qd4 g5
44.Kg1 e5 45.Qd7+ Qxd7 46.Rxd7+ Kg6 47.Rd6 Kg7 48.Nd2 e4 49.Rfxf6 e3 50.Nf3 g4
51.Ne1 Reh8 52.Rfe6 Rxh2 53.Rd7+ Kf8 54.Rd8+ Kf7 55.Rxh8 Rxh8 56.Rxe3 Rb8
57.Nd3 Kf6 58.Kf2 Rh8 59.Kg2 Rd8 60.Nf2 Rd2 61.Ra3 Rc2 62.Kg3 Rxc4 63.Nxg4+ Ke7
64.Rxa6 Kd8 65.Kf3 Kc7 66.Ne5 Rd4 67.Ke3 Rd1 68.Ke2 Rd5 69.Nd3 Kb7 70.Ra3 Rh5
71.Kd2 Kb6 72.Kc3 Rh3 73.Ra4 Kb5 74.Rd4 Rg3 75.Kb3 Rh3 76.a4+ Ka5 77.Rd5+ Kb6
78.Kc4 Rh4+ 79.Rd4 Rh1 80.Nb2 Rc1+ 81.Kb4 Rb1 82.Kb3 Rh1 83.Rd5 Ka6 84.Rd6+ Ka7
85.Nd3 Rh4 86.Nc5 Rg4 87.a5 Rh4 88.Rd7+ Ka8 89.Nd3 Rh1 90.Kc4 Rb1 91.Kc5 Kb8
92.Nb4 Ra1 93.Kb6 Kc8 94.Rc7+  1-0

[Event "13th I.Stepichev Mem"]
[Site "Kyiv UKR"]
[Date "2006.01.13"]
[Round "6"]
[White "Kosikov,Al"]
[Black "Golichenko,I"]
[Result "0-1"]
[WhiteElo "2427"]
[BlackElo "2277"]

1.e4 c5 2.Nf3 d6 3.Bb5+ Bd7 4.Bxd7+ Qxd7 5.c4 Nc6 6.d4 cxd4 7.Nxd4 Nf6 8.Nc3 Qg4
9.Qxg4 Nxg4 10.Nxc6 bxc6 11.Bf4 Rb8 12.b3 g6 13.Rc1 Bg7 14.c5 Bd4 15.Nd1 e5
16.Bg3 Bxc5 17.Rxc5 dxc5 18.f3 Nf6 19.Bxe5 Ke7 20.Bxb8 Rxb8 21.Nb2 Nd7 22.Ke2 Nf8
23.Rc1 Ne6 24.Ke3 f6 25.f4 Kd6 26.g4 h5 27.gxh5 Rh8 28.e5+ fxe5 29.Nc4+ Ke7
30.Nxe5 Rxh5 31.Nf3 Kf6 32.h4 Nc7 33.Rc4 Nd5+ 34.Kf2 Nb6 35.Rc3 Nc8 36.Kg3 Nd6
37.Ng5 Nf5+ 38.Kh2 Rxh4+ 39.Nh3 Rg4 40.Rxc5 Nd4 41.Ng1 Rxf4 42.Kg2 Rf5 43.Rc4 c5
44.Ra4 g5 45.Rxa7 g4 46.Rb7 Re5 47.Kf2 Rf5+ 48.Kg2 Nc2 49.Rb8 Ke7 50.Rb7+ Kd6
51.Kg3 Ne3 52.Kh4 Rf2 53.Rb8 Rg2 54.Re8 Nf5+ 55.Kg5 Nd4 56.Re1 Rxg1 57.Rxg1 Nf3+
58.Kxg4 Nxg1 59.Kf4 Ne2+ 60.Ke3 Nc1 61.b4 cxb4 62.Kd4 Nxa2 63.Kc4 Ke5  0-1

[Event "2nd Bundesliga Ost 2005-6"]
[Site "Austria AUT"]
[Date "2006.01.14"]
[Round "5"]
[White "Wippermann,T"]
[Black "Papp,Ga"]
[Result "0-1"]
[WhiteElo "2457"]
[BlackElo "2485"]

1.e4 c5 2.Nf3 d6 3.Bb5+ Bd7 4.Bxd7+ Nxd7 5.O-O Ngf6 6.Qe2 e6 7.c4 Be7 8.Nc3 a6
9.b3 O-O 10.Bb2 Re8 11.d4 cxd4 12.Nxd4 Bf8 13.Rad1 g6 14.Rfe1 Bg7 15.Nf3 Qc7
16.Qd2 Bf8 17.Qd4 Rad8 18.Nb1 Ne5 19.Nxe5 dxe5 20.Qxe5 Qxe5 21.Bxe5 Nxe4
22.Nc3 Nxc3 23.Bxc3 Rc8 24.Bf6 b5 25.cxb5 axb5 26.Rc1 Ra8 27.Rc2 Ra6 28.Kf1 h6
29.Re4 b4 30.Be5 g5 31.Rd4 Kh7 32.f3 Rea8 33.Rdd2 Kg6 34.g4 f6 35.Bg3 h5
36.h3 Ra5 37.Bc7 Rc5 38.Rxc5 Bxc5 39.Rc2 Bd4 40.Bd6 Bc3 41.Bg3 hxg4 42.hxg4 Rh8
43.Bd6 Rd8 44.Bc5 Rd5 45.Be3 f5 46.gxf5+ exf5 47.Ke2 f4 48.Bc1 Kf5 49.a3 g4
50.axb4 gxf3+ 51.Kxf3 Rd3+ 52.Ke2 Rh3 53.Kf1 Bd4 54.Rc4 Be5 55.Bd2 Rxb3 56.Ke2 Kg4
57.Re4 Kf5 58.Rc4 f3+ 59.Kf1 Bg3 60.Rc3 Rb1+ 61.Rc1 Rb2 62.Be1 Kg4 63.Rc4+ Kh3
64.Rc8 f2 65.Rh8+ Kg4 66.Rg8+ Kf3 67.Rf8+ Bf4 68.Bxf2 Rxf2+ 69.Ke1 Re2+ 70.Kd1 Rd2+
71.Ke1 Rd5 72.Rf7 Rd4 73.b5 Rb4 74.Rd7 Rb1+ 75.Rd1 Rxb5 76.Rd8 Rc5 77.Rd7 Rc8
78.Rd5 Rc1+ 79.Rd1 Rc2 80.Rd8 Rc7 81.Rd5 Rh7 82.Kd1 Rc7 83.Ke1 Be3 84.Rf5+ Ke4
85.Rf8 Rc2 86.Rd8 Bd4 87.Rf8 Be3 88.Rd8 Rh2 89.Kd1 Rf2 90.Ke1 Rg2 91.Kd1 Bd4
92.Rf8 Ke3 93.Ke1 Rg1+ 94.Rf1 Bc3+  0-1